000
00322nam a2200133 a 4500
001
5747
003
CDMR
005
20130116135313.0
008
130130s ||||||||||||||||||||||||||||d
040
_a
CDMR
_b
cat
_c
CDMR
245
0
_a
Anuario de la Comunicación en España
260
_a
Madrid
_b
Unión de periodistas
942
_c
MON
999
_c
5747
_d
5747